| 000 | 00569nam a22001817a 4500 | ||
|---|---|---|---|
| 005 | 20260421125323.0 | ||
| 008 | 260421b |||||||| |||| 00| 0 eng d | ||
| 020 |
_a9789395458313 _c275.00 |
||
| 040 | _aMAIN | ||
| 041 | _aEnglish | ||
| 082 |
_a510 _bMAH |
||
| 100 |
_aMaharaj, Bharati Krssna _926669 |
||
| 245 |
_aVedik Mathematics _b: His Holiness Jagadguru Sankaracharya Sri Bharati Krsna Tirthaji Maharaja of Govardhana Matha Puri (1884-1960) |
||
| 260 |
_aDelhi _bMotilal Banarasidass _c2022 |
||
| 300 | _a349 | ||
| 651 |
_aHindu Studies _926670 |
||
| 942 | _cBK | ||
| 999 |
_c60666 _d60666 |
||